书目信息 |
| 题名: |
自然的观念
|
|
| 作者: | R.G.柯林武德 著 | |
| 分册: | ||
| 出版信息: | 北京 华夏出版社 1990.09 |
|
| 页数: | 192页 | |
| 开本: | 20cm | |
| 丛书名: | 二十世纪文库 | |
| 单 册: | ||
| 中图分类: | N91 | |
| 科图分类: | ||
| 主题词: | 自然界--研究 , 自然界--历史 | |
| 电子资源: | ||
| ISBN: | 7-80053-622-X | |
| 000 | 00670nam0 2200229 450 | |
| 001 | 0836293307 | |
| 005 | 20080922100732.34 | |
| 010 | @a7-80053-622-X@dCNY4.60 | |
| 100 | @a20080922d1990 km y0chiy0120 ea | |
| 101 | 0 | @achi |
| 102 | @aCN@b110000 | |
| 200 | 1 | @a自然的观念@Azi ran de guan nian@f(英)R.G.柯林武德著@F(ying)R.G.ke lin wu de zhu |
| 210 | @a北京@c华夏出版社@d1990.09 | |
| 215 | @a192页@d20cm | |
| 225 | 2 | @a二十世纪文库 |
| 410 | 0 | @12001 @a二十世纪文库 |
| 606 | 0 | @a自然界@x研究 |
| 606 | 0 | @a自然界@x历史 |
| 690 | @aN91@v4 | |
| 701 | 0 | @aR.G.柯林武德@AR.G.ke lin wu de@4著 |
| 801 | 0 | @aCN@b大连网信软件有限公司图书馆·11@c20080922 |
| 905 | @aBZT@dN91@e1 | |
| 自然的观念/(英)R.G.柯林武德著.-北京:华夏出版社,1990.09 |
| 192页;20cm.-(二十世纪文库) |
| ISBN 7-80053-622-X:CNY4.60 |
| ● |
| 相关链接 |
|
|
|
正题名:自然的观念
索取号:N91/1
 
预约/预借
| 序号 | 登录号 | 条形码 | 馆藏地/架位号 | 状态 | 备注 |
| 1 | 001688 | 201271293 | 中心书库北库/ 北库024架A面4列2层1/ [索取号:N91/1] | 在馆 |